| Tag |
First Indicator |
Second Indicator |
Subfields |
| LEADER |
00000pam a2200000 a 4500 |
| 001 |
in00000074724 |
| 005 |
20151008054746.0 |
| 008 |
810713s1982 moua b 00100 eng |
| 010 |
|
|
|a 81011143
|
| 020 |
|
|
|a 0801619319 (pbk.)
|
| 035 |
|
|
|a (OCoLC)07653163
|
| 035 |
|
|
|9 AAJ1596AM
|
| 039 |
0 |
|
|a 2
|b 3
|c 3
|d 3
|e 3
|
| 040 |
|
|
|a DLC
|c DLC
|d TXA
|d UtOrBLW
|
| 049 |
|
|
|a TXAM
|c [932863]
|
| 050 |
0 |
0 |
|a RT120.O9
|b C65
|
| 060 |
|
0 |
|a WY 128 G669c
|
| 082 |
0 |
|
|a 616
|2 19
|
| 245 |
0 |
0 |
|a Common problems in primary care /
|c [edited by] Lynne Lesak Gorline, Cheryl Cummings Stegbauer.
|
| 264 |
|
1 |
|a St. Louis :
|b C.V. Mosby,
|c 1982.
|
| 300 |
|
|
|a xii, 286 pages :
|b illustrations ;
|c 24 cm.
|
| 336 |
|
|
|a text
|b txt
|2 rdacontent
|
| 337 |
|
|
|a unmediated
|b n
|2 rdamedia
|
| 338 |
|
|
|a volume
|b nc
|2 rdacarrier
|
| 504 |
|
|
|a Includes bibliographies and index.
|
| 650 |
|
0 |
|a Nursing.
|
| 650 |
|
0 |
|a Family medicine.
|
| 650 |
|
0 |
|a Ambulatory medical care.
|
| 650 |
|
0 |
|a Nurse practitioners.
|
| 650 |
|
2 |
|a Nurse Practitioners.
|
| 650 |
|
2 |
|a Primary Health Care.
|
| 700 |
1 |
|
|a Gorline, Lynne Lesak,
|d 1950-
|
| 700 |
1 |
|
|a Stegbauer, Cheryl Cummings,
|d 1947-
|
| 999 |
|
|
|a MARS
|
| 999 |
f |
f |
|s cbcac035-9180-3a74-b86a-6bac22d57700
|i 3553f490-9f0c-3e67-81e3-775c13920258
|t 0
|
| 952 |
f |
f |
|p normal
|a Texas A&M University
|b College Station
|c Sterling C. Evans Library
|d Evans: Library Stacks
|t 0
|e RT120.O9 C65
|h Library of Congress classification
|i unmediated -- volume
|m A14806233307
|
| 998 |
f |
f |
|a RT120.O9 C65
|t 0
|l Evans: Library Stacks
|